Państwa z największą liczbą nagród Nobla według kontynentów - Statystyki

Ogólne statystyki
  • Ten quiz został rozwiązany 28 616 razy
  • Średni wynik to 18 z 24
Statystyki odpowiedzi
Hint Odpowiedź % Poprawnych
Ameryka Północna 383 Stany Zjednoczone
98%
Ameryka Północna 26 Kanada
96%
Europa 108 Niemcy
96%
Azja 5 Chiny
95%
Europa 69 Francja
95%
Ameryka Północna 3 Meksyk
93%
Europa 25 Rosja
92%
Oceania 12 Australia
91%
Azja 28 Japonia
91%
Europa 132 Wielka Brytania
90%
Ameryka Południowa 5 Argentyna
89%
Afryka 10 Republika Południowej Afryki
87%
Afryka 4 Egipt
86%
Oceania 3 Nowa Zelandia
86%
Azja 12 Indie
83%
Ameryka Południowa 2 Chile
81%
Europa 32 Szwecja
76%
Ameryka Południowa 2 Kolumbia
75%
Afryka 2 Algieria
58%
Ameryka Północna 2 Gwatemala
43%
Azja 12 Izrael
42%
Azja 6 Tajwan
30%
Ameryka Północna 2 Saint Lucia
15%
Afryka 2 Liberia
14%
Nie znaleziono quizów pasujących do podanych kryteriów
Rozkład punktacji
Procent ludzi z każdym wynikiem
Percentyl według liczby udzielonych odpowiedzi
Twoja historia wyników
Nie rozwiązałeś tego quizu